Score 0/7 Timer 03:00
0 Plays Today
Question Answer Wrong Answers
The Paris Agreement, relating to this global issue, is adopted by UN consensus of 195 countries.
2015
Climate Change
93.3%
Hunger
1.5%
Ocean Pollution
1.4%
Overpopulation
1.4%
This man becomes the first ever black player to be ranked #1 in men's tennis.
1968
Arthur Ashe
90.2%
Donald Young
2.8%
Richard Williams, Jr.
3.7%
Yannick Noah
3.1%
This film, which would go on to win Best Picture at the 61st Academy Awards, receives its premiere in New York City.
1988
Rain Man
80.5%
Dangerous Liaisons
4.9%
Mississippi Burning
7.9%
The Last Temptation of Christ
5.4%
Abuja replaces Lagos as the capital city of this African nation.
1991
Nigeria
77.6%
Côte d'Ivoire
5.7%
Burundi
3.7%
Senegal
10.8%
Sara Jane Moore pleads guilty to an attempted assassination of this US President in San Francisco.
1975
Gerald Ford
68.2%
Richard Nixon
10%
Jimmy Carter
7.9%
Ronald Reagan
13.3%
Paul Martin becomes Prime Minister of this country, following the resignation of Jean Chretien.
2003
Canada
56.4%
France
19.6%
Belgium
15.5%
Switzerland
6.3%
This English actor, who portrayed Davy Jones in the Pirates of the Caribbean series, is born in Caterham, Surrey.
1949
Bill Nighy
43.5%
Geoffrey Rush
33.9%
Stellan Skarsgård
3.9%
Ian McShane
18.6%
Remove Ads.
Support Sporcle.
Get the best of Sporcle when you Go Orange. This ad-free experience offers more features, more stats, and more fun while also helping to support Sporcle. Thank you for becoming a member.

You're not logged in!

Compare scores with friends on all Sporcle quizzes.
OR
Log In

Show Comments

Extras

Top Quizzes Today


Score Distribution

Your Account Isn't Verified!

In order to create a playlist on Sporcle, you need to verify the email address you used during registration. Go to your Sporcle Settings to finish the process.

Report this User

Report this user for behavior that violates our Community Guidelines.

Details: